=LDR 00000nam 2200000 4500 =001 INLIS000000000045737 =005 20150209111311.0 =006 =007 =008 =020 ##$$a 979-731-694-7 =035 ##$$0010-021500000000297 =040 ##$$a NBPDMAT =082 ##$$a 658.404 =090 ##$$a 658.404 $b Bud m =100 ##$$a Budi Satiawan St =245 ##$$a Memanfaatkan Primayena Project Plenner Dalam Mengelola Proyek Konstruksi / $c Oleh Budi Satiawan ST =250 ##$$a Cet. 1 =260 ##$$a Yogyakarta $b Andi $c 2005 =300 ##$$a 225 hlm $c 21 cm =650 ##$$a Manajemen Proyek =990 ##$$a 0001/BPAP-NTB/2016